|
|
|
|
| LEADER |
01569cam a2200457 i 4500 |
| 001 |
nkc20152749536 |
| 003 |
CZ PrNK |
| 005 |
20160801092105.0 |
| 007 |
ta |
| 008 |
151207t20152015xr a b 000 j cze d |
| 015 |
|
|
|a cnb002749536
|
| 020 |
|
|
|a 978-80-87973-16-5
|q (vázáno)
|
| 035 |
|
|
|a (OCoLC)946292688
|
| 040 |
|
|
|a KLG001
|b cze
|d BOA001
|d ABA001
|e rda
|
| 072 |
|
7 |
|a 821.162.3-3
|x Česká próza
|2 Konspekt
|9 25
|
| 072 |
|
7 |
|a 821-93
|x Literatura pro děti a mládež (beletrie)
|2 Konspekt
|9 26
|
| 080 |
|
|
|a 821.162.3-32
|2 MRF
|
| 080 |
|
|
|a 821-93
|2 MRF
|
| 080 |
|
|
|a (0:82-32)
|2 MRF
|
| 100 |
1 |
|
|a Laňka, David,
|d 1974-
|7 jn20010309453
|4 aut
|
| 245 |
1 |
0 |
|a Barunka a malovaný svět /
|c David Laňka ; ilustrovala Markéta Vydrová
|
| 250 |
|
|
|a Vydání první
|
| 264 |
|
1 |
|a Praha :
|b No Limits,
|c [2015]
|
| 264 |
|
4 |
|c ©2015
|
| 300 |
|
|
|a 148 stran :
|b barevné ilustrace ;
|c 19 cm
|
| 336 |
|
|
|a text
|b txt
|2 rdacontent
|
| 336 |
|
|
|a statický obraz
|b sti
|2 rdacontent
|
| 337 |
|
|
|a bez média
|b n
|2 rdamedia
|
| 338 |
|
|
|a svazek
|b nc
|2 rdacarrier
|
| 655 |
|
7 |
|a české příběhy
|7 fd133973
|2 czenas
|
| 655 |
|
7 |
|a publikace pro děti
|7 fd133156
|2 czenas
|
| 655 |
|
9 |
|a Czech stories
|2 eczenas
|
| 655 |
|
9 |
|a children's literature
|2 eczenas
|
| 700 |
1 |
|
|a Vydrová, Markéta,
|d 1968-
|7 xx0028719
|4 ill
|
| 910 |
2 |
|
|a BOA001
|b 1-1359.255
|
| 920 |
|
|
|a 1052124
|z KLG001
|
| 928 |
9 |
|
|a David Laňka - No Limits
|
| 990 |
|
|
|a BK
|
| 995 |
|
|
|a 01
|
| 991 |
|
|
|b 201601
|c NOV
|
| 996 |
6 |
|
|b 2610655661
|c 1-1359.255
|l MZK
|r Sklad / do 1 hodiny
|n 0
|p p.v.
|w 001538853
|u 000010
|a 1
|e BOA001
|j MZK50
|s P
|